000 00349nam a2200157Ia 4500
003 0STCL
008 150530s9999 xx 000 0 und d
040 _aSTCL
_cSTCL
100 _aHerman Melville
245 _aMardi and a voyager thither
260 _c1964
546 _aEnglish
942 _2ddc
_cBK
999 _c67512
_d67512
005 20220125171344.0